000 00596nam a2200217Ia 4500
005 20241129104224.0
008 241129s9999||||xx |||||||||||||| ||und||
020 _a9781632405654
037 _aTextual
040 _aRTL
_beng
_cRTL
041 _aeng
_2eng
084 _aU8 Q6
_qRTL
100 _aPeterson Donald
245 0 _aTourism development and destination management
_cPeterson Donald
260 _aNew Jersey
_bClanrye International
_c2016
300 _aix,228p.
365 _aINR
_b12110.51
650 _aTourism
942 _cTB
_hU8 Q6
999 _c1224942
_d1224942